Villes les plus accueillantes pour les vélos en France - Statistiques

Statistiques générales
  • Ce quiz a été pris 71 fois
  • Le résultat moyen est 6 sur 10
Statistiques - réponses
Ville % Correct
10 Bordeaux
77%
6 Lyon
77%
2 Strasbourg
69%
3 Rennes
66%
1 Grenoble
63%
5 Nantes
63%
4 Annecy
50%
9 Angers
37%
7 Tours
32%
8 Le Havre
18%
Aucun quiz correspondant
Distribution des résultats
% des personnes avec chaque résultat
Percentile par nombre de réponses
Votre historique - résultats
Vous n’avez pas pris ce quiz